00389nam a2200145Ia 4500008004100000020001800041041000800059082001500067100002100082245004500103250000600148260003000154300001200184650004700196210716s2002 xx 000 0 und d a9788131203071 aeng a519.2 ROSS aRoss, Sheldon M. aProbability models for computer science. a1 aUSAbAcademic Pressc2002 axii,288 aProbabilities and applied mathematics(519)